00967cam a2200241 a 450000100100000000500170001000800410002704000330006808200200010110000440012124500710016526000610023630000210029749000380031850400320035660000590038865000300044765000320047783000440050991000340055395201230058799900150071000000619020200929151951.0961004s1996 ck b 000 0 spa d aDO-SdBNPcNDDdAZUdPL#dDLC aC861.5bV152pzH1 aHernández de Mendoza, Cecilia.91734513aLa poesía de Gerardo Valencia /cCecilia Hernández de Mendoza. aSantafé de Bogotá :bInstituto Caro y Cuervo,c1996. a140 p. ;c20 cm.1 aLa Granada entreabierta ;vno. 79 aBibliografías p. [69]-70.10aVALENCIA, GERARDOxCRÍTICA E INTERPRETACIÓN917346 4aPoesía colombiana93742 4aLiteratura colombiana91244 0aLa Granada entreabierta ;vno. 7998104 aCatalogación por copia / LC 001052708MOaGRbGRcCTd2009-08-26iLF1l0oC861.5 V152pzHp6190-10r2020-06-25w2020-06-25y2ZPréstamo interno c5985d5985